Tour de France Top 3 - Statistics

General Stats
  • This quiz has been taken 2,124 times
    333 since last reset
  • The average score is 40 of 172
Answer Stats
Rider % Correct
Tadej Pogačar
98%
Jonas Vingegaard
97%
Christopher Froome
95%
Geraint Thomas
87%
Primož Roglič
87%
Egan Bernal
86%
Alberto Contador
84%
Remco Evenepoel
83%
Vincenzo Nibali
81%
Eddy Merckx
80%
Bradley Wiggins
76%
Andy Schleck
75%
Fränk Schleck
74%
Florian Lipowitz
72%
Miguel Indurain
69%
Jan Ullrich
68%
Bernard Hinault
67%
Cadel Evans
67%
Nairo Quintana
66%
Marco Pantani
64%
Adam Yates
62%
Romain Bardet
62%
Greg LeMond
61%
Thibaut Pinot
60%
Richard Carapaz
59%
Carlos Sastre
55%
Jacques Anquetil
55%
Bjarne Riis
53%
Richie Porte
52%
Tom Dumoulin
52%
Laurent Fignon
50%
Fausto Coppi
48%
Alejandro Valverde
47%
Óscar Pereiro
47%
Raymond Poulidor
47%
Rigoberto Urán
47%
Gino Bartali
43%
Stephen Roche
42%
Joop Zoetemelk
40%
Ivan Basso
39%
Jean-Christophe Péraud
39%
Pedro Delgado
37%
Joaquim Rodríguez
35%
Louison Bobet
34%
Richard Virenque
34%
Bernard Thévenet
33%
Federico Bahamontes
33%
Lucien Van Impe
33%
Luis Ocaña
33%
Steven Kruijswijk
33%
Andreas Klöden
30%
Charly Gaul
30%
Alex Zülle
29%
Felice Gimondi
29%
Denis Menchov
26%
Joseba Beloki
26%
Samuel Sánchez
26%
Hugo Koblet
25%
Tony Rominger
25%
Claudio Chiappucci
23%
Ferdi Kübler
23%
Jan Janssen
23%
Jurgen Van den Broeck
23%
Maurice Garin
23%
Alexander Vinokourov
22%
Philippe Thys
21%
Gianni Bugno
20%
Lucien Petit-Breton
20%
Gastone Nencini
19%
Jean Robic
19%
Romain Maes
19%
Sylvère Maes
19%
Lucien Aimar
17%
Henri Cornet
16%
Henri Pélissier
16%
Ottavio Bottecchia
16%
Roger Pingeon
16%
Roger Walkowiak
16%
Antonin Magne
14%
Bobby Julich
14%
Nicolas Frantz
14%
Raymond Martin
14%
André Leducq
13%
Octave Lapize
13%
François Faber
12%
Raimondas Rumšas
12%
Fernando Escartín
11%
Georges Speicher
11%
Guy Lapébie
11%
Jean-François Bernard
11%
Piotr Ugrumov
11%
Roger Lapébie
11%
Vicente López Carril
11%
Firmin Lambot
10%
Hennie Kuiper
10%
Louis Trousselier
10%
Lucien Buysse
10%
Marcel Buysse
10%
Maurice De Waele
10%
Odile Defraye
10%
Steven Rooks
10%
Erik Breukink
9%
Gustave Garrigou
9%
René Pottier
9%
Fabio Parra
8%
Herman Van Springel
7%
Léon Scieur
7%
Zenon Jaskuła
7%
Albéric Schotte
6%
Joaquim Agostinho
6%
Julio Jiménez
6%
Raphaël Géminiani
6%
Eugène Christophe
5%
Gianni Motta
5%
Gösta Pettersson
5%
Learco Guerra
5%
René Vietto
5%
Urs Zimmermann
5%
Franco Balmamion
4%
José Manuel Fuente
4%
Lucien Pothier
4%
Peter Winnen
4%
Pierre Brambilla
4%
Stan Ockers
4%
Ángel Arroyo
3%
Ferdinand Bracke
3%
Henry Anglade
3%
Hippolyte Aucouturier
3%
Jean Alavoine
3%
Jef Demuysere
3%
Johan van der Velde
3%
Joseph Planckaert
3%
Lucien Lazaridès
3%
Marcel Janssens
3%
Robert Alban
3%
Adolf Christian
2%
Antonio Pesenti
2%
Bartolomeo Aimo
2%
Bernardo Ruiz
2%
Édouard Fachleitner
2%
Émile Georget
2%
Félicien Vervaecke
2%
Félix Sellier
2%
Francesco Camusso
2%
Fritz Schaer
2%
Gilbert Bauvin
2%
Graziano Battistini
2%
Guido Carlesi
2%
Hector Heusghem
2%
Jacques Marinelli
2%
Jan Adriaensens
2%
Jean-Baptiste Dortignacq
2%
José Pérez Francés
2%
Julien Vervaecke
2%
Kurt Stöpel
2%
Vito Favero
2%
Aloïs Catteau
1%
Ambrogio Morelli
1%
Fernand Augereau
1%
Georges Passerieu
1%
Giancarlo Astrua
1%
Giuseppe Martano
1%
Giuseppe Pancera
1%
Honoré Barthélémy
1%
Jean Brankart
1%
Jean Malléjac
1%
Lucien Vlaemynck
1%
Romain Bellenger
1%
Victor Cosson
1%
Léo Amberg
0%
Mario Vicini
0%
Paul Duboc
0%
No matching quizzes found
Score Distribution
Percent of People with Each Score
Percentile by Number Answered
Your Score History
You have not taken this quiz since the last reset